Case-study of labor -management relations at the Central India Spinning, Weaving and manufacturing co. Ltd. Empress mills Ltd., Nagpur (Record no. 496360)

000 -LEADER
fixed length control field 00446cam a22001097a 4500
008 - FIXED-LENGTH DATA ELEMENTS--GENERAL INFORMATION
fixed length control field 180718b1953 xxu||||| |||| 00| 0 eng d
082 ## - DEWEY DECIMAL CLASSIFICATION NUMBER
Classification number R7x5442 B639c
245 ## - TITLE STATEMENT
Title Case-study of labor -management relations at the Central India Spinning, Weaving and manufacturing co. Ltd. Empress mills Ltd., Nagpur
Statement of responsibility, etc. by Bombay Labour Institute
260 ## - PUBLICATION, DISTRIBUTION, ETC.
Place of publication, distribution, etc. Bombay
Name of publisher, distributor, etc. Government Central Press
Date of publication, distribution, etc. 1953
300 ## - PHYSICAL DESCRIPTION
Extent 119p
700 ## - ADDED ENTRY--PERSONAL NAME
Personal name Maharashtra.Bombay Labour Institute
Holdings
Withdrawn status Lost status Damaged status Not for loan Permanent Location Current Location Date acquired Full call number Barcode Date last seen Price effective from Koha item type
        Indian Institute of Public Administration Indian Institute of Public Administration 2018-08-04 R7x5442 B639c GG2527 2018-08-04 2018-08-04 GG

Powered by Koha